000 00365 a2200157 4500
001 75662
020 _a9788508106424
040 _cAnchieta - Colégio São Paulo
100 _aAzevedo, Ricardo
240 1 0 _aPobre corinthiano careca
_lpor
245 1 0 _aPobre corinthiano careca
300 _a112
362 0 _a2007
650 4 _aLiteratura juvenil
942 _cBK
999 _c75662
_d75662